| 000 | 00700nam a2200277Ia 4500 | ||
|---|---|---|---|
| 005 | 20260320195905.0 | ||
| 008 | 008 262003s9999 xx 000 0 hin d | ||
| 020 | _a9788126714452 | ||
| 037 | _aEBOOK | ||
| 040 | _aCRL | ||
| 040 | _bhin | ||
| 040 | _cCRL | ||
| 041 | _2hin | ||
| 041 | _ahin | ||
| 084 | _qCRL | ||
| 100 |
_aराजेंद्र यादव और बासु चटर्जी _91133460 |
||
| 245 | 0 | _aसारा आकाश पटकथा | |
| 250 | _a3rd | ||
| 260 | _bRajkamal | ||
| 260 | _c2007 | ||
| 300 | _a167 | ||
| 856 | _uhttps://ebook.indiaread.in/pdfs/9788126714452.pdf | ||
| 942 | _cEBOOK | ||
| 999 |
_c1717031 _d1717031 |
||